000 00800nam a22002657a 4500
001 020045416
003 DO-SdBNP
005 20180215112757.0
007 020045416
008 161202b 1999 sp a ||||| |||| 00| 0 spa d
020 _a8424160002
040 _aBPMSU
_bspa
_cBPMSU
100 1 _aMoleón Viana, Miguel Ángel
245 1 0 _aEl cine de las sábanas blancas /
_cMiguel Ángel Moleón Viana.
260 _aLeón, España :
_bEverest,
_c1999.
300 _a91 p. :
_bil. ;
_c20 cm.
490 1 _aMontaña encantada.
500 _aPara niños a partir de 10 años
700 1 2 _aFrabetti, Carlo,
_etr.
700 1 2 _aRobins, Arthur,
_eil.
830 0 _aMontaña encantada.
942 _2ddc
_cBK
945 _aInventariado, 2018/MFF
956 _2LOPEREZ
_310
_620161202
_8BPMSU
_a00041
999 _c12231
_d12231